| 000 | 00647nam a22002177a 4500 | ||
|---|---|---|---|
| 999 |
_c17821 _d17821 |
||
| 003 | AR-CdUCM | ||
| 008 | 190509b ||||| |||| 00| 0 spa d | ||
| 040 |
_aMUNICIPALIDAD PROVINCIAL DEL CUSCO _cBIBLIOTECA MUNICIPAL DEL CUSCO |
||
| 082 |
_a869.15 / _bR17 |
||
| 100 |
_aRagazzi, María _938001 |
||
| 245 | _aVidas paralelas / | ||
| 260 |
_aBuenos Aires : _bDifusión, _c1965. |
||
| 300 |
_a284 páginas ; _c19 cm. |
||
| 505 | _aContenido: Novela. | ||
| 650 |
_aLiteratura Mexicana _94259 |
||
| 650 |
_aNovela _95 |
||
| 650 |
_aSiglo XX _98 |
||
| 700 |
_aOpal, Anselmo (traducción) _938002 |
||
| 942 |
_2ddc _cLIBROS |
||
| 945 |
_aachl _d2019-05-09 |
||